000 00452nam a2200181Ia 4500
008 230711s9999||||xx |||||||||||||| ||und||
020 _a978-81-265-1818-0
041 _aENG
082 _a621.31
_bAN-P
100 _aAnderson,P.M
245 0 _aPower System Control and Stability
250 _a2nd Ed.
260 _c2015
_aNew Delhi
_bWiley India Pvt.Ltd
300 _a658p.
650 _aElectrical Engineering
700 _aFouad,A.A
942 _cBK
999 _c6568
_d6568